000 00773nam a2200289Ia 4500
005 20260324134435.0
008 008 260324s9999 xx 000 0 eng d
020 _a9781315186771
037 _aEBOOK
040 _aCRL
040 _beng
040 _cCRL
041 _2eng
041 _aeng
084 _qCRL
100 _aAndreas-Holger Maehle; Johanna Geyer-Kordesch
_91196820
245 0 _aHistorical and Philosophical Perspectives on Biomedical Ethics: From Paternalism to Autonomy?
245 0 _bFrom Paternalism to Autonomy?
260 _bTaylor and Francis
260 _c2002
365 _a
365 _b170
856 _uhttp://www.taylorfrancis.com/books/9781315186771
942 _cEBOOK
999 _c1796926
_d1796926